000
00306nam a2200133Ia 4500
008
230312s9999||||xx |||||||||||||| ||und||
082
_a
891.4
_b
BUS-K
100
_a
بشریٰ رحمٰن
245
0
_a
قلم کہا نیاں
260
_a
pak
_c
2004
300
_a
925
650
_a
Literature
942
_c
BK
999
_c
15053
_d
15053